Helping those in grief / (Record no. 4579)

MARC details
000 -LEADER
fixed length control field 01402cam a2200289 a 4500
001 - CONTROL NUMBER
control field 16701676
003 - CONTROL NUMBER IDENTIFIER
control field OSt
005 - DATE AND TIME OF LATEST TRANSACTION
control field 20181210155718.0
008 - FIXED-LENGTH DATA ELEMENTS--GENERAL INFORMATION
fixed length control field 110322s2011 cau b 000 0 eng
010 ## - LIBRARY OF CONGRESS CONTROL NUMBER
LC control number 2011011728
020 ## - INTERNATIONAL STANDARD BOOK NUMBER
International Standard Book Number 9780830758715 (hard cover)
040 ## - CATALOGING SOURCE
Original cataloging agency DLC
Transcribing agency DLC
042 ## - AUTHENTICATION CODE
Authentication code pcc
050 00 - LIBRARY OF CONGRESS CALL NUMBER
Classification number BV4330
Item number .W75 2011
082 00 - DEWEY DECIMAL CLASSIFICATION NUMBER
Classification number 259.6
Edition number 22
Item number W947H
100 1# - MAIN ENTRY--PERSONAL NAME
Personal name Wright, H. Norman.
245 10 - TITLE STATEMENT
Title Helping those in grief /
Statement of responsibility, etc. H. Norman Wright.
260 ## - PUBLICATION, DISTRIBUTION, ETC.
Place of publication, distribution, etc. Ventura, Calif. :
Name of publisher, distributor, etc. Regal,
Date of publication, distribution, etc. c2011.
300 ## - PHYSICAL DESCRIPTION
Extent 256 p. ;
Dimensions 24 cm.
504 ## - BIBLIOGRAPHY, ETC. NOTE
Bibliography, etc. note Includes bibliographic references (p. [253]-256)
505 0# - FORMATTED CONTENTS NOTE
Formatted contents note Shattered dreams: the beginning of a journey of grief -- Case studies: what would you say or do? -- The world of grief -- Models of grief -- The variations and complications of grief -- Handling relief in grief -- Types of death: sudden and anticipatory -- When grief continues: problems in grieving and recovery -- How to begin the initial session with a grieving person -- The family in grief -- Helping grievers move on in life -- Grief coaching -- Verbatim transcripts of live counseling sessions.
650 #0 - SUBJECT ADDED ENTRY--TOPICAL TERM
Topical term or geographic name entry element Church work with the bereaved.
650 #0 - SUBJECT ADDED ENTRY--TOPICAL TERM
Topical term or geographic name entry element Bereavement
General subdivision Religious aspects
-- Christianity.
906 ## - LOCAL DATA ELEMENT F, LDF (RLIN)
a 7
b cbc
c orignew
d 1
e ecip
f 20
g y-gencatlg
942 ## - ADDED ENTRY ELEMENTS (KOHA)
Source of classification or shelving scheme Dewey Decimal Classification
Koha item type Books
Holdings
Withdrawn status Lost status Source of classification or shelving scheme Damaged status Not for loan Collection code Home library Current library Shelving location Date acquired Cost, normal purchase price Total Checkouts Full call number Barcode Date last seen Price effective from Koha item type
    Dewey Decimal Classification   Not For Loan Non-fiction Harvest Mission College Harvest Mission College General Stacks 10.12.2018 1000.00   259.6 W947H 005240 10.12.2018 10.12.2018 Books

OPAC Designed and Maintained by HMC Library Team.
Copyright © HMC Library,Greater Noida, UP.
For any Suggestions/Query Contact library via Email:libhmc@gmail.com